North American Rapid Transit Systems by Ridership - Statistics

General Stats
  • This quiz has been taken 79 times
    8 since last reset
  • The average score is 9 of 10
Answer Stats
Avg. daily weekday boardings Answer % Correct
267,700 Boston
100%
416,200 Chicago
100%
2,397,892 Mexico City
100%
1,009,600 Montreal
100%
5,955,000 New York
100%
1,035,300 Toronto
100%
455,700 Vancouver
100%
450,600 Washington, D.C.
100%
380,024 Monterrey
75%
185,600 Newark/Jersey City
13%
No matching quizzes found
Score Distribution
Percent of People with Each Score
Percentile by Number Answered
Your Score History
You have not taken this quiz since the last reset